00359nam a22001097a 4500020001800000245008700018260004100105300001400146650003000160650004200190700001700232 a9789814412544 aStrings, gauge fields, and the geometry behind :bthe legacy of Maximilian Kreuzer aSingapore:bWorld Scientific,c2013. avii,551p. aField And String Theories aConstitution and properties of matter aRebhan,Anton